000 00250nam a2200109Ia 4500
008 220204s9999 xx 000 0 und d
082 _a82-3
_bHIG;1
100 _aHiggins, Jack
245 0 _aLuciano's luck
260 _aLondon
_bPan
_c1981
942 _cBK
999 _c38720
_d38720